| 000 | 00740nam a2200241 a 4500 | ||
|---|---|---|---|
| 001 | 22884 | ||
| 003 | BD-RjUL | ||
| 005 | 20211209000851.0 | ||
| 008 | 140309s1974 ii b 001 0 eng | ||
| 035 | _a(BD-RjUL)22949 | ||
| 040 |
_aLC _beng _cLC _dANL _dBD-RjUL |
||
| 041 | _aeng | ||
| 082 | 0 | 4 |
_a306.80954 _bDUS 1974 |
| 100 | 1 |
_aDube, Leela. _970563 |
|
| 245 | 1 | 0 |
_aSociology of kinship : _ban analytical survey of literature / _cLeela Dube. |
| 260 |
_aBombay : _bPopular Prakashan, _c1974. |
||
| 300 |
_avi, 154 p. ; _c25 cm. |
||
| 504 | _aBibliography: p. 105-143. and index. | ||
| 650 | 0 |
_aKinship _zIndia _xBibliography. _970564 |
|
| 650 | 0 |
_aFamilies _zIndia _xBibliography. _970565 |
|
| 942 |
_2ddc _cBK |
||
| 999 |
_c22884 _d22884 |
||